[Event "Dortmund op-A"]
[Site "Dortmund"]
[Date "1992.??.??"]
[Round "8"]
[White "Glek, Igor V"]
[Black "Lputian, Smbat G"]
[Result "1/2-1/2"]
[WhiteElo "2515"]
[BlackElo "2560"]

1.e4 e6 2.d4 d5 3.Nc3 Nf6 4.Bg5 dxe4 5.Nxe4 Be7 6.Bxf6 Bxf6 7.Nf3 O-O 8.c3 Nd7
9.Qc2 e5 10.O-O-O exd4 11.Nxd4 Bxd4 12.Rxd4 Qe7 13.h4 Ne5 14.Ng5 g6 15.Qe2 f6
16.Nf3 Bf5 17.Nxe5 fxe5 18.Rc4 Rae8 19.Qe3 c6 20.Rc5 Kh8 21.Be2 Be4 22.f3 Bd5
23.Ra5 b6 24.Ra4 Rf4 25.Ra3 Rxh4 26.Rxh4 Qxh4 27.Rxa7 Qe1+ 28.Kc2 Bc4 29.Ra8 Bd3+
30.Kxd3 Rxa8 31.Qxe5+ Kg8 32.Kc2 Qf2 33.Kb3 b5 34.Bxb5 Qb6 35.Qe6+ Kg7 36.Qxc6 Qa5
37.Qd7+ Kh6 38.a4 Ra7 39.Qd2+ Kg7 40.Qd4+ Kh6 41.f4 Re7 42.g4 Qc7 43.Ka2 Qc8
44.Qd6 Re1 45.Qd7 Qxd7 46.Bxd7 Kg7 47.a5 Re7 48.Bc6 h5 49.gxh5 gxh5 50.a6 Ra7
51.Bb7 h4 52.b4 h3 53.b5 h2 54.Kb3 Kf6 55.Kb4 Ke7 56.Bh1 Rd7 57.Kc5 Rd1 58.a7 Rxh1
59.a8=Q Rd1 60.Qe4+ Kd8 61.Qa8+ Ke7 62.Qb7+ Kd8 63.Qb6+ Ke7 64.Qc7+ Kf8 65.Qb8+ Kf7
66.Qb7+ Kf6 67.Qc6+ Ke7 68.Qc7+ Kf8 69.Qb8+ Kf7 70.Qb7+ Kf6 71.c4 h1=Q 72.Qxh1 Rxh1
73.b6 Rb1 74.Kc6 Kf5 75.c5 Ke4 76.f5 Kxf5 77.Kb7 Ke6 78.c6 Rc1 79.Kc7  1/2-1/2

[Event "Dortmund op-A"]
[Site "Dortmund"]
[Date "1992.??.??"]
[Round "9"]
[White "Lputian, Smbat G"]
[Black "Tischbierek, Raj"]
[Result "1-0"]
[WhiteElo "2560"]
[BlackElo "2485"]

1.d4 d6 2.c4 e5 3.Nf3 e4 4.Ng1 f5 5.Nc3 Nf6 6.Bg5 Be7 7.e3 O-O 8.Nh3 c6 9.Nf4 Na6
10.h4 Nc7 11.Qb3 Rb8 12.Be2 Ne6 13.c5 d5 14.Nxe6 Bxe6 15.Bf4 b5 16.Bxb8 Qxb8
17.g3 g6 18.Kd2 a6 19.Rhb1 Bd8 20.a4 b4 21.a5 bxc3+ 22.bxc3 Qb5 23.Qa3 Be7
24.Bxb5 cxb5 25.Rxb5 axb5 26.a6  1-0

[Event "Dortmund op-A"]
[Site "Dortmund"]
[Date "1992.??.??"]
[Round "11"]
[White "Lputian, Smbat G"]
[Black "Lutz, Christopher"]
[Result "1-0"]
[WhiteElo "2560"]
[BlackElo "2540"]

1.d4 Nf6 2.c4 e6 3.Nf3 Bb4+ 4.Nbd2 b6 5.a3 Bxd2+ 6.Bxd2 Bb7 7.Bg5 d6 8.e3 Nbd7
9.Bh4 O-O 10.Be2 Qe7 11.O-O Rfe8 12.b4 Nf8 13.Rc1 c5 14.Qb3 cxd4 15.Nxd4 Ng6
16.Bg3 Ne4 17.Rfd1 Red8 18.Bf3 Nxg3 19.hxg3 Rd7 20.Bxb7 Rxb7 21.f4 Rd7 22.Qd3 Qe8
23.Nb5 Rad8 24.e4 h5 25.Qf3 h4 26.gxh4 Nxh4 27.Qg4 Ng6 28.Rc3 a6 29.Nd4 Nxf4
30.Qxf4 e5 31.Qh2  1-0

[Event "Helsinki op"]
[Site "Helsinki"]
[Date "1992.??.??"]
[Round "2"]
[White "Sveshnikov, Evgeny"]
[Black "Lputian, Smbat G"]
[Result "1/2-1/2"]
[WhiteElo "2525"]
[BlackElo "2585"]

1.e4 c5 2.Nf3 Nc6 3.d4 cxd4 4.Nxd4 e5 5.Nb5 d6 6.N1c3 a6 7.Na3 b5 8.Nd5 Nf6
9.Bg5 Qa5+ 10.Bd2 Qd8 11.Bd3 Be6 12.c4 Nd4 13.O-O bxc4 14.Nxf6+ Qxf6 15.Nxc4 Be7
16.f4 O-O 17.f5 Bxc4 18.Bxc4 Qh4 19.Bd5 Rab8 20.Bc3 Bg5 21.Qd3  1/2-1/2

[Event "Helsinki op"]
[Site "Helsinki"]
[Date "1992.??.??"]
[Round "4"]
[White "Piskov, Yury"]
[Black "Lputian, Smbat G"]
[Result "1/2-1/2"]
[WhiteElo "2500"]
[BlackElo "2585"]

1.d4 e6 2.c4 d5 3.Nf3 Nf6 4.e3 Bd6 5.Nbd2 O-O 6.Bd3 Nc6 7.c5 Be7 8.a3 e5
9.Nxe5 Nxe5 10.dxe5 Nd7 11.Nb3 a5 12.a4 g6 13.f4 Nxc5 14.Nxc5 Bxc5 15.O-O f5
16.exf6 Rxf6 17.Bd2 Bf5 18.Bxf5 Rxf5 19.Qb3 b6 20.g4 Rf7 21.Rf3 Qe7 22.Raf1 Re8
23.f5 Qe4 24.Rf4 Qe5 25.fxg6 Rxf4 26.Rxf4 hxg6 27.Kf1 Re6 28.Rf2 c6 29.Qd3 Qxb2
30.Qa6 Rf6 31.Qc8+ Bf8 32.Rxf6 Qxf6+ 33.Ke2 Qd6 34.h4 c5 35.Bc3 Kf7 36.h5 Qh2+
37.Kd3 c4+ 38.Kd4 Bg7+ 39.Kxd5 Bxc3 40.Qd7+ Kf8 41.Qd8+  1/2-1/2

[Event "Helsinki op"]
[Site "Helsinki"]
[Date "1992.??.??"]
[Round "6"]
[White "Romanishin, Oleg M"]
[Black "Lputian, Smbat G"]
[Result "1-0"]
[WhiteElo "2555"]
[BlackElo "2585"]

1.d4 d5 2.c4 e6 3.Nf3 Nf6 4.g3 Bb4+ 5.Bd2 Be7 6.Bg2 O-O 7.O-O Nbd7 8.Qb3 Nb6
9.c5 Nc4 10.Qc2 b6 11.Be1 bxc5 12.dxc5 Nd7 13.b3 Nce5 14.Nxe5 Nxe5 15.Bc3 Bf6
16.Qb2 Ng4 17.h3 Bxc3 18.Nxc3 Nf6 19.c6 a5 20.Rfd1 Qe8 21.Rac1 Ra6 22.e4 dxe4
23.Nxe4 Nxe4 24.Bxe4 f5 25.Bg2 e5 26.Rd5 e4 27.Re5 Qg6 28.Re7 Rf7 29.Re8+ Rf8
30.Rxf8+ Kxf8 31.Rd1 Be6 32.Qa3+ Ke8 33.Qc5 Qf6 34.Bf1 Ra8 35.Rd7 Rc8 36.Ba6 Bxd7
37.cxd7+ Kxd7 38.Qd5+  1-0

[Event "Manila ol (Men)"]
[Site "Manila"]
[Date "1992.??.??"]
[Round "?"]
[White "Lputian, Smbat G"]
[Black "Mokry, Karel"]
[Result "1-0"]
[WhiteElo "2560"]
[BlackElo "2535"]

1.d4 d6 2.c4 e5 3.Nf3 e4 4.Ng1 f5 5.Nc3 Be7 6.Nh3 c6 7.g3 Na6 8.Bg2 Nc7 9.f3 exf3
10.exf3 Bf6 11.Nf4 g6 12.d5 Bxc3+ 13.bxc3 c5 14.O-O Nf6 15.Re1+ Kf7 16.Rb1 Re8
17.Ne6 Nxe6 18.dxe6+ Bxe6 19.Rxb7+ Re7 20.Qb3 Bd7 21.Rxe7+ Qxe7 22.Qd1 a5
23.Bf4 Re8 24.Bf1 Qe1 25.Qxe1 Rxe1 26.Bxd6 Ke6 27.Bxc5 Ra1 28.a3 a4 29.Kf2 Ng8
30.Rb6+ Kf7 31.Bd3 Ra2+ 32.Ke3 Rxh2 33.Bb4 Nf6 34.Kd4 Ng8 35.Rb7 Ke8 36.Rb8+ Kf7
37.Rf8+ Kg7 38.Rd8 Bc6 39.Bf8+ Kf6 40.Bg7+ Kxg7 41.Rc8 Rg2  1-0

[Event "Manila ol (Men)"]
[Site "Manila"]
[Date "1992.??.??"]
[Round "?"]
[White "Lputian, Smbat G"]
[Black "Romanishin, Oleg M"]
[Result "1-0"]
[WhiteElo "2560"]
[BlackElo "2595"]

1.d4 d5 2.c4 dxc4 3.e3 e5 4.Bxc4 exd4 5.exd4 Nf6 6.Nf3 Bd6 7.O-O O-O 8.Bg5 Nc6
9.Nc3 Bg4 10.Nd5 Be7 11.Nxe7+ Qxe7 12.h3 Bxf3 13.Qxf3 Qe4 14.Qxe4 Nxe4 15.Be3 Nd6
16.b3 Rad8 17.d5 Nxc4 18.bxc4 Na5 19.Rac1 b6 20.Bf4 c5 21.Rfe1 f6 22.Re3 Rfe8
23.Kf1 Kf7 24.Ke2 Rd7 25.g4 g5 26.Rxe8 Kxe8 27.Bd2 Nb7 28.f4 gxf4 29.Bxf4 b5
30.Kd3 b4 31.Rf1 a5 32.Bc1 Rd6 33.Bb2 Ke7 34.Rf5 Kf7 35.g5 Kg6 36.Rxf6+ Rxf6
37.Bxf6 a4 38.h4 a3 39.Kc2 Kf7 40.Be5 Kg6 41.Bc7 Kf7 42.h5  1-0

[Event "Manila ol (Men)"]
[Site "Manila"]
[Date "1992.??.??"]
[Round "?"]
[White "Sturua, Zurab"]
[Black "Lputian, Smbat G"]
[Result "1/2-1/2"]
[WhiteElo "2545"]
[BlackElo "2560"]

1.Nf3 c5 2.c4 e6 3.g3 Nf6 4.Bg2 Nc6 5.O-O d5 6.cxd5 Nxd5 7.d4 Be7 8.dxc5 Bxc5
9.a3 O-O 10.Qc2 Be7 11.Rd1 Bd7 12.e4 Nb6 13.Bf4 Rc8 14.Nc3 Qe8 15.Qe2 Na5
16.Nd4 Bc5 17.Ndb5 Bxb5 18.Nxb5 Nac4 19.Nd6  1/2-1/2

[Event "Alekhine op"]
[Site "Moscow"]
[Date "1992.??.??"]
[Round "?"]
[White "Sherbakov, Ruslan"]
[Black "Lputian, Smbat G"]
[Result "1-0"]
[WhiteElo "2530"]
[BlackElo "2585"]

1.d4 e6 2.c4 d5 3.Nc3 Be7 4.Nf3 Nf6 5.g3 Nbd7 6.Bg2 O-O 7.Ne5 c6 8.Nxd7 Bxd7
9.Qd3 Qa5 10.O-O b5 11.b3 bxc4 12.bxc4 Qa6 13.e4 Bb4 14.e5 Qxc4 15.Qxc4 dxc4
16.Bd2 Nd5 17.Rfc1 Ba3 18.Rcb1 Rab8 19.Na4 Rb5 20.Bf1 c5 21.Rxb5 Bxb5 22.Nxc5 Bxc5
23.dxc5 Rc8 24.Rb1 Ba6 25.Bc1 Rxc5 26.Rb8+ Bc8 27.Bg2 h6 28.Be4 g5 29.f4 gxf4
30.gxf4 c3 31.Kf2 Nb6 32.Bc2 Kg7 33.Be3 Rc4 34.Kg3 Nd5 35.Bc1 Bd7 36.Ba3 Rc8
37.Rb7 Rc7 38.Rb8 Ne3 39.Bf8+ Kg8 40.Bc5+ Kg7 41.Bf8+ Kg8 42.Bc5+ Kg7 43.Bxe3 Rc4
44.Rb7 Ba4 45.Bxa4 Rxa4 46.Kf3 c2 47.Bc1 Rc4 48.Rxa7 Rc3+ 49.Ke4 Rh3 50.Rc7 Rxh2
51.a4 h5  1-0

[Event "Alekhine op"]
[Site "Moscow"]
[Date "1992.??.??"]
[Round "?"]
[White "Lputian, Smbat G"]
[Black "Tseitlin, Mikhail S"]
[Result "1-0"]
[WhiteElo "2585"]
[BlackElo "2495"]

1.d4 d5 2.c4 e6 3.Nf3 c6 4.Qc2 Nf6 5.e3 Nbd7 6.Nc3 Bd6 7.b3 O-O 8.Be2 Qe7
9.O-O Re8 10.Rd1 dxc4 11.bxc4 e5 12.a4 e4 13.Nd2 Nf8 14.Nf1 Bf5 15.a5 a6
16.Qb3 Rad8 17.Ba3 Bxa3 18.Rxa3 h5 19.Rb1 h4 20.Qb4 Bg4 21.Qxe7 Rxe7 22.Bxg4 Nxg4
23.Rab3 Rdd7 24.Nd2 f5 25.c5 Ne5 26.Na4 Ne6 27.Nb6 Rd8 28.Nbc4 Nxc4 29.Nxc4 Rdd7
30.Nd6 g6 31.Rxb7 Rxb7 32.Nxb7 Kg7 33.Nd6 Ra7 34.Rb6 Nd8 35.Rb8 Rd7 36.h3  1-0

[Event "Alekhine op"]
[Site "Moscow"]
[Date "1992.??.??"]
[Round "?"]
[White "Lputian, Smbat G"]
[Black "Brodsky, Michail"]
[Result "1/2-1/2"]
[WhiteElo "2585"]
[BlackElo "2540"]

1.d4 Nf6 2.Nf3 e6 3.c4 b6 4.g3 Ba6 5.Qc2 Bb7 6.Nc3 Bb4 7.Bg2 O-O 8.O-O a5
9.Rd1 Bxc3 10.Qxc3 d6 11.b3 Nbd7 12.Bb2 Re8 13.Rac1 Rc8 14.a3 Qe7 15.b4 axb4
16.axb4 c5 17.dxc5 bxc5 18.b5 Nb6 19.Qa5 Nfd7 20.Qd2 d5 21.cxd5 exd5 22.Nh4 g6
23.e3 Ne5 24.Qe2 Red8 25.Nf3 Nec4 26.Ba1 f6 27.Nd2 Ne5 28.Nb3 Rc7 29.Na5 Ba8
30.Rc2 Kg7 31.Rdc1 Rdc8 32.g4 Kg8 33.h4 Qe6 34.Nb3  1/2-1/2

[Event "Moscow rapid"]
[Site "Moscow"]
[Date "1992.??.??"]
[Round "?"]
[White "Malaniuk, Vladimir P"]
[Black "Lputian, Smbat G"]
[Result "1/2-1/2"]
[WhiteElo "2540"]
[BlackElo "2585"]

1.d4 d5 2.Nf3 Nf6 3.Bg5 g6 4.e3 Bg7 5.Be2 O-O 6.Nbd2 b6 7.a4 a5 8.O-O Ba6
9.Bxa6 Rxa6 10.c3 c5 11.Qe2 Ra7 12.Qb5 Qc7 13.Bf4 Qc6 14.Bxb8 Qxb5 15.axb5 Rxb8
16.Ne5 Rbb7 17.Nc6 Ra8 18.b4 cxb4 19.cxb4 a4 20.Ra3 Ne8 21.Nb1 e6 22.Nc3 Bf8
23.Rfa1 Nd6 24.Rxa4 Rxa4 25.Rxa4 Rc7 26.Ra7 Nxb5 27.Rxc7 Nxc7 28.Na4 Na8
29.Kf1 Bd6 30.g3 Kf8 31.Ke2 Ke8 32.Kd3 Kd7 33.b5  1/2-1/2

[Event "Alekhine op"]
[Site "Moscow"]
[Date "1992.??.??"]
[Round "?"]
[White "Malaniuk, Vladimir P"]
[Black "Lputian, Smbat G"]
[Result "1/2-1/2"]
[WhiteElo "2540"]
[BlackElo "2585"]

1.d4 d5 2.c4 e6 3.Nf3 Nf6 4.e3 Be7 5.Bd3 dxc4 6.Bxc4 O-O 7.O-O c5 8.dxc5 Bxc5
9.Qe2 Nc6 10.e4 e5 11.h3 Nd4 12.Nxd4 Bxd4 13.Nd2 Qc7 14.Nf3 Nxe4 15.Nxd4 exd4
16.Qxe4  1/2-1/2

[Event "Shenzhen"]
[Site "Shenzhen"]
[Date "1992.??.??"]
[Round "3"]
[White "Lputian, Smbat G"]
[Black "Lin Weiguo"]
[Result "0-1"]
[WhiteElo "2585"]
[BlackElo "2495"]

1.d4 Nf6 2.Nf3 g6 3.Bg5 Bg7 4.c3 O-O 5.Nbd2 d5 6.e3 Nbd7 7.b4 Re8 8.Be2 e5
9.Nb3 c6 10.O-O h6 11.Bxf6 Qxf6 12.b5 Qd6 13.Rc1 Qa3 14.bxc6 bxc6 15.c4 Rb8
16.Rc2 dxc4 17.Bxc4 Nb6 18.Be2 Bf5 19.Qc1 Qa4 20.Rb2 Nd7 21.Rd1 Bf8 22.dxe5 Ba3
23.e4 Bxb2 24.Qxb2 Bg4 25.Nfd4 Bxe2 26.Qxe2 Nxe5 27.f4 Nd7 28.e5 c5 29.Nf3 c4
30.Rd4 Nb6 31.Nc5 Qc6 32.Ne4 c3 33.Qc2 Red8 34.Qxc3 Qxc3 35.Rxd8+ Rxd8 36.Nxc3 Rd3
37.Nb5 a6 38.Nc7 Ra3 39.Nd4 Rxa2 40.f5 Ra4 41.e6 fxe6 42.fxe6 Nc8 43.Nc6 Rc4
44.e7 Nd6 45.Nd5 Ne8 46.Nb8 Rd4 47.Nc3 a5 48.Kf2 Rd2+ 49.Kf1 Kf7 50.Ne4 Rb2  0-1

[Event "Shenzhen"]
[Site "Shenzhen"]
[Date "1992.??.??"]
[Round "7"]
[White "Lputian, Smbat G"]
[Black "Liang Jinrong"]
[Result "1/2-1/2"]
[WhiteElo "2585"]
[BlackElo "2480"]

1.d4 Nf6 2.c4 e6 3.Nc3 d5 4.cxd5 exd5 5.Bg5 Be7 6.e3 c6 7.Bd3 Bg4 8.Nge2 Bh5
9.O-O Bg6 10.Ng3 O-O 11.Be2 Ne8 12.Bxe7 Qxe7 13.Qd2 Nd6 14.b4 a6 15.a4 Nd7
16.b5 axb5 17.axb5 Nb6 18.bxc6 bxc6 19.h3 Ndc4 20.Bxc4 Nxc4 21.Qc1 Qb4 22.Nge2 Bd3
23.Rd1 Nb2 24.Rxa8 Rxa8 25.Rd2 Rb8 26.Nf4 Bc4 27.h4 g6 28.Nce2 Bxe2 29.Rxe2 Nc4
30.Nd3 Qe7 31.g3 Qe4 32.Qd1 c5 33.dxc5 Ne5 34.Rb2 Rxb2 35.Nxb2 d4 36.exd4 Nf3+
37.Kg2 Nxh4+ 38.Kf1 Nf3 39.Qd3 Nh2+ 40.Kg1 Nf3+ 41.Kf1 Nh2+  1/2-1/2

[Event "Shenzhen"]
[Site "Shenzhen"]
[Date "1992.??.??"]
[Round "8"]
[White "Torre, Eugenio"]
[Black "Lputian, Smbat G"]
[Result "1-0"]
[WhiteElo "2555"]
[BlackElo "2585"]

1.e4 e6 2.d4 d5 3.e5 c5 4.c3 Nc6 5.Nf3 Nge7 6.Bd3 cxd4 7.cxd4 Nf5 8.Bxf5 exf5
9.Nc3 Be6 10.Ne2 h6 11.h4 Be7 12.Nf4 Qb6 13.Kf1 Kd7 14.h5 Rac8 15.Rh3 Nb4
16.Ne1 Rc4 17.Ne2 Rhc8 18.Bd2 Ke8 19.Rb3 Qc7 20.Rg3 Kf8 21.a3 Na6 22.b3 Rc6
23.Nd3 Qd7 24.Kg1 b6 25.Nef4 Nc7 26.Nb4 Bxb4 27.Bxb4+ Kg8 28.a4 a5 29.Bd2 Kh8
30.Rc1 Rxc1 31.Qxc1 Nb5 32.Qb2 Na7 33.Qa3 Nc6 34.Bc3 Qe7 35.Qxe7 Nxe7 36.Kf1 Kh7
37.Ke1 g5 38.hxg6+ Nxg6 39.Bd2 Rc2 40.Rxg6 fxg6 41.Nxe6 g5 42.Nf8+ Kg7 43.Nd7 Kf7
44.Nxb6 Ke6 45.Bxa5 f4 46.Na8 Kf5 47.Nc7 Ke4 48.e6 Kd3 49.Kd1 Re2 50.Na6  1-0

[Event "Shenzhen"]
[Site "Shenzhen"]
[Date "1992.??.??"]
[Round "10"]
[White "Ye Rongguang"]
[Black "Lputian, Smbat G"]
[Result "0-1"]
[WhiteElo "2540"]
[BlackElo "2585"]

1.d4 Nf6 2.Nf3 g6 3.Bg5 Bg7 4.Nbd2 d5 5.e3 O-O 6.Rc1 h6 7.Bh4 Nbd7 8.c4 c5
9.Be2 cxd4 10.Nxd4 e5 11.N4b3 a5 12.cxd5 g5 13.Bg3 Nxd5 14.Nc4 Nf4 15.O-O a4
16.Nbd2 Nxe2+ 17.Qxe2 f5 18.f3 Qe7 19.Qd3 Ra6 20.Rfd1 Kh8 21.Qd5 h5 22.Nf1 Nb6
23.Qd6 Qxd6 24.Nxd6 Be6 25.Nxb7 Nd7 26.e4 fxe4 27.fxe4 Rb8 28.Rc7 Ra7 29.Rd6 Rbxb7
30.Rxb7 Rxb7 31.Rxe6 h4 32.Be1 Rxb2 33.Re8+ Kh7 34.Re7 Nf6 35.Bc3 Rxa2 36.Bxe5 Kg6
37.Ra7 Bf8 38.Ra6 Bc5+ 39.Kh1 Rf2 40.Nd2 Kf7 41.Bxf6 Rxd2  0-1

[Event "EUCup Gr5"]
[Site "Balatonbereny"]
[Date "1993.??.??"]
[Round "?"]
[White "Lputian, Smbat G"]
[Black "Ulibin, Mikhail"]
[Result "0-1"]
[WhiteElo "2565"]
[BlackElo "2560"]

1.d4 e6 2.c4 Nf6 3.Nf3 Bb4+ 4.Nbd2 b6 5.a3 Bxd2+ 6.Bxd2 Bb7 7.Bg5 d6 8.e3 Nbd7
9.Bh4 h6 10.Nd2 Qe7 11.Be2 c5 12.Bf3 Bxf3 13.Qxf3 d5 14.O-O O-O 15.Rac1 Rac8
16.Rc3 cxd4 17.exd4 Qd6 18.Bg3 Qc6 19.Rfc1 dxc4 20.Qxc6 Rxc6 21.Rxc4 Rxc4
22.Rxc4 Nd5 23.Kf1 Rd8 24.Ke2 N7f6 25.Nf1 Kf8 26.Ne3 Ke7 27.Be5 Ne8 28.Ra4 a5
29.Rc4 f6 30.Bg3 Kd7 31.Nxd5 exd5 32.Rc3 Nd6 33.Bxd6 Kxd6 34.Rg3 Rd7 35.h4 Re7+
36.Kd3 h5 37.a4 Rc7 38.f4 Ke6 39.Re3+ Kf5 40.g3 Kg4 41.b3 Rc6 42.Kd2 g6 43.Kd3 f5
44.Re5 Rd6 45.Re3 Kh3 46.Kd2 Kg2 47.Ke2 Rc6 48.Kd3 Kf2 49.Re5 Rd6 50.Re3 Rf6
51.Kd2 Rc6 52.Rd3 Rc7 53.Kd1 Re7 54.Rc3 Re3 55.Rc6 Rxb3 56.Rxg6 Rb4 57.Rg5 Rxa4
58.Rxf5 Rxd4+ 59.Kc2 Kxg3 60.Rxh5 Kxf4 61.Rh8 Ke5 62.h5 Rh4 63.h6 Kd4 64.h7 a4
65.Kb2 Rh3 66.Ra8 Rh2+ 67.Kc1 Rxh7 68.Rxa4+ Kc3 69.Ra3+ Kc4 70.Ra6 Rh1+ 71.Kb2 Rh2+
72.Ka3 Rh3+ 73.Kb2 b5 74.Rc6+ Kb4 75.Kc2 d4 76.Kd2 Kb3 77.Rc8 b4 78.Rd8 Ka2
79.Rxd4 b3 80.Ra4+ Kb1 81.Ra3 Rh2+ 82.Kd1 b2 83.Ra8 Rh5 84.Rd8 Ra5  0-1

[Event "Wch Team"]
[Site "Luzern"]
[Date "1993.??.??"]
[Round "3"]
[White "Lin Weiguo"]
[Black "Lputian, Smbat G"]
[Result "1/2-1/2"]
[WhiteElo "2540"]
[BlackElo "2565"]

1.d4 e6 2.c4 d5 3.Nc3 Be7 4.Nf3 Nf6 5.Bg5 h6 6.Bh4 O-O 7.e3 b6 8.Bd3 Bb7
9.O-O Nbd7 10.Rc1 c5 11.Qe2 Rc8 12.cxd5 Nxd5 13.Bg3 N7f6 14.Nxd5 Qxd5 15.Bc4 Qe4
16.Bd3 Qd5 17.Bc4  1/2-1/2

[Event "Rostov"]
[Site "Rostov"]
[Date "1993.??.??"]
[Round "?"]
[White "Lputian, Smbat G"]
[Black "Pushkov, Nikolai"]
[Result "1/2-1/2"]
[WhiteElo "2610"]
[BlackElo "2485"]

1.d4 e6 2.e4 d5 3.Nc3 dxe4 4.Nxe4 Nd7 5.Nf3 Ngf6 6.Nxf6+ Nxf6 7.Bg5 c5 8.Qe2 Qa5+
9.c3 cxd4 10.Bxf6 gxf6 11.Nxd4 Bd7 12.g3 Qe5 13.O-O-O Qxe2 14.Bxe2 Bc5 15.Bh5 Rf8
16.b4 Bb6 17.c4 e5 18.c5 Bc7 19.Nc2 O-O-O 20.Ne3 Be6 21.Bg4 Rd4 22.Bxe6+ fxe6
23.Nc2 Rxd1+ 24.Rxd1 Rd8 25.Rxd8+ Kxd8 26.Kd2 Kd7 27.Kd3 b6 28.Kc4 f5 29.f3 h5
30.Ne1 bxc5 31.bxc5 Kc6 32.Nd3 a5 33.a4 e4 34.fxe4 fxe4 35.Nc1 e3 36.Nb3 e5
37.Kd3 Kd5 38.Kxe3 Kc4 39.Nc1 Kxc5 40.Nd3+ Kd5 41.h3 Bb6+ 42.Ke2 Bd8 43.Nf2 e4
44.h4 Ke5 45.g4  1/2-1/2

[Event "Rostov"]
[Site "Rostov"]
[Date "1993.??.??"]
[Round "?"]
[White "Lputian, Smbat G"]
[Black "Epishin, Vladimir"]
[Result "0-1"]
[WhiteElo "2610"]
[BlackElo "2620"]

1.d4 d6 2.c4 e5 3.Nf3 e4 4.Ng1 h6 5.Nc3 Nf6 6.e3 c6 7.Nge2 Bf5 8.Ng3 Bg6
9.f3 d5 10.cxd5 exf3 11.gxf3 cxd5 12.Bd3 Bxd3 13.Qxd3 Nc6 14.Bd2 Rc8 15.O-O g6
16.e4 dxe4 17.fxe4 Bc5 18.Kh1 Bxd4 19.Rad1 Ng4 20.Qe2 Qh4 21.Nb5 O-O 22.Rf4 h5
23.Nxd4 Nxd4 24.Qg2 Rc2 25.e5 Ne6 26.Rb4 a5 27.Re4 Rd8 28.h3 Rd3  0-1

[Event "Rostov"]
[Site "Rostov"]
[Date "1993.??.??"]
[Round "?"]
[White "Tukmakov, Vladimir B"]
[Black "Lputian, Smbat G"]
[Result "1/2-1/2"]
[WhiteElo "2605"]
[BlackElo "2610"]

1.d4 Nf6 2.c4 e6 3.Nf3 d5 4.g3 dxc4 5.Bg2 a6 6.Ne5 Bb4+ 7.Nc3 Nd5 8.Bd2 b5
9.a4 Bxc3 10.bxc3 f6 11.e4 Ne7 12.Ng4 Bb7 13.Qb1 c6 14.Ne3 Qc8 15.O-O O-O
16.Bc1 Re8 17.Ba3 Nd7 18.Bh3 Nf8 19.Bc5 Qc7 20.Qb4 Rad8 21.Rfd1 Bc8 22.Bg2 Neg6
23.f4 Ne7 24.axb5 cxb5 25.d5 exd5 26.exd5 Qb7 27.Qa3 Qd7 28.Bb6 Qd6 29.Bc5 Qd7
30.Bb6 Qd6 31.Qxd6 Rxd6 32.Bc7 Rd7 33.d6 Neg6 34.Nd5 Ne6 35.f5 Nxc7 36.Nxc7 Red8
37.fxg6 Rxd6 38.Rxd6 Rxd6 39.Bd5+ Kh8 40.Re1 Bd7 41.gxh7 Kxh7 42.Be4+ f5
43.Bb1 Kh6 44.Kf2 g6 45.Ke2 Kg5 46.Rd1 Rxd1 47.Kxd1 a5 48.Nd5 Bc6 49.Ne3 Kf6
50.h4 Ke5 51.Ke2 Be4 52.Bxe4 Kxe4 53.Nc2 f4 54.g4 b4 55.cxb4 axb4 56.Nxb4 f3+
57.Kf2 Kf4  1/2-1/2

[Event "Rostov"]
[Site "Rostov"]
[Date "1993.??.??"]
[Round "?"]
[White "Psakhis, Lev"]
[Black "Lputian, Smbat G"]
[Result "1/2-1/2"]
[WhiteElo "2575"]
[BlackElo "2610"]

1.e4 e6 2.d4 d5 3.Nd2 c5 4.exd5 exd5 5.Bb5+ Nc6 6.Ngf3 Bd6 7.dxc5 Bxc5 8.O-O Ne7
9.Nb3 Bd6 10.Re1 O-O 11.Bd3 h6 12.h3 Nf5 13.c3 Qf6 14.Bc2 Rd8 15.Qd3 g6 16.Bd2 a5
17.a4 b6 18.Qe2 Ba6 19.Bd3 Bxd3 20.Qxd3 Ne5 21.Nxe5 Bxe5 22.Qf3 d4 23.cxd4 Nxd4
24.Nxd4 Bxd4 25.Qxf6 Bxf6 26.Bxh6 Bxb2 27.Rab1 Bc3 28.Rec1 Bd4 29.Be3 Bxe3
30.fxe3 Rd6 31.Rc7 Rad8 32.Rb7  1/2-1/2

[Event "Rostov"]
[Site "Rostov"]
[Date "1993.??.??"]
[Round "?"]
[White "Razuvaev, Yuri S"]
[Black "Lputian, Smbat G"]
[Result "1-0"]
[WhiteElo "2525"]
[BlackElo "2610"]

1.d4 d5 2.c4 e6 3.Nf3 Nf6 4.g3 c5 5.cxd5 exd5 6.Bg2 Nc6 7.O-O Be7 8.Nc3 O-O
9.Bf4 Bg4 10.dxc5 Bxc5 11.Rc1 Bb6 12.h3 Bf5 13.g4 Be6 14.e3 Re8 15.a3 h5
16.g5 Nh7 17.Qd3 Qd7 18.g6 fxg6 19.Qxg6 Nf6 20.Qg3 Rf8 21.Rcd1 Ne7 22.e4 h4
23.Qh2 Nh5 24.Be5 Ng6 25.Nxd5 Bxd5 26.Rxd5 Qe8 27.Bd6 Ngf4 28.Rd2 Rf6 29.e5 Rxd6
30.exd6 Ng3 31.Re1 Nfe2+ 32.Rexe2 Nxe2+ 33.Kf1 Ng3+ 34.fxg3 Qb5+ 35.Re2 Re8
36.Bh1 hxg3 37.Qg2 Bf2 38.Nd4 Bxd4 39.Qd5+ Qxd5 40.Bxd5+ Kf8 41.d7 Rd8 42.Be6 Ke7
43.Bg4+ Kd6 44.Rd2 Kc5 45.Kg2 Be5 46.Bf3 Kb6 47.b3 Kc7 48.Bg4 b6 49.a4 a5
50.h4 g6 51.Rc2+ Kd6 52.Rc8 Bf6 53.Kxg3 Be5+ 54.Kf3 Bf6 55.Ke4 Bxh4 56.Kd4 Ke7
57.Kd5 Rf8 58.Kc6 Rd8 59.Kxb6 Be1 60.Rc6 Bd2 61.Rxg6 Rb8+ 62.Kc6  1-0

[Event "Petrosian mem"]
[Site "Erevan"]
[Date "1994.??.??"]
[Round "?"]
[White "Vasiukov, Evgeni"]
[Black "Lputian, Smbat G"]
[Result "0-1"]
[WhiteElo "2505"]
[BlackElo "2590"]

1.e4 e6 2.d4 d5 3.Nd2 c5 4.Ngf3 Nf6 5.exd5 Nxd5 6.Nb3 Nd7 7.c4 N5f6 8.Be2 b6
9.O-O Bb7 10.Bf4 Be7 11.Ne5 Nxe5 12.Bxe5 Nd7 13.Bf3 Bxf3 14.Qxf3 O-O 15.Bg3 Qc8
16.Rad1 a5 17.d5 exd5 18.Rxd5 Bf6 19.Rfd1 Ra7 20.Qf5 g6 21.Qd3 Re8 22.Nd2 Bxb2
23.Ne4 Nf6 24.Nd6 Qe6 25.Nxe8 Nxd5 26.Nd6 Nc3 27.Nb5 Nxb5 28.Qd8+ Kg7 29.cxb5 Re7
30.h3 Bd4 31.Rxd4 cxd4 32.Bd6 Re8 33.Qxb6 d3 34.Kh2 Kg8  0-1

[Event "Petrosian mem"]
[Site "Erevan"]
[Date "1994.??.??"]
[Round "?"]
[White "Suetin, Alexey S"]
[Black "Lputian, Smbat G"]
[Result "0-1"]
[WhiteElo "2385"]
[BlackElo "2590"]

1.e4 e6 2.d4 d5 3.Nc3 Bb4 4.e5 c5 5.Bd2 Ne7 6.a3 Bxc3 7.Bxc3 b6 8.Nf3 Ba6
9.Bxa6 Nxa6 10.O-O O-O 11.Qe2 cxd4 12.Bxd4 Nc5 13.Rfd1 Qc7 14.c4 Nb3 15.cxd5 Nxa1
16.d6 Qc2 17.Rd2 Qa4 18.dxe7 Rfe8 19.Bc3 Rxe7 20.Rd4 Qc2 21.Rd2 Qa4 22.Rd4 Qb3
23.Qe4 Rc8 24.Ng5 Qc2 25.Qe1 Nb3 26.Rh4 Rd7  0-1

[Event "Petrosian mem"]
[Site "Erevan"]
[Date "1994.??.??"]
[Round "?"]
[White "Lputian, Smbat G"]
[Black "Petrosian, Arshak B"]
[Result "1/2-1/2"]
[WhiteElo "2590"]
[BlackElo "2455"]

1.c4 e5 2.e3 Nf6 3.Nc3 Be7 4.Nf3 d6 5.d4 Nbd7 6.Be2 O-O 7.O-O c6 8.b4 exd4
9.Nxd4 Ne5 10.Bb2 Re8 11.Qc2 Bf8 12.Rad1 Qc7 13.Rfe1 Bd7 14.b5 Rac8 15.bxc6 bxc6
16.Nf3 Rb8 17.Rd2 Be6 18.Ng5 d5 19.Nxe6 fxe6 20.cxd5 exd5 21.h3 Qa5 22.Rc1 Rxb2
23.Qxb2 Ba3 24.Qc2 Bxc1 25.Qxc1 Rb8 26.Qc2 h6 27.Rd1 Qc5 28.Rc1 Qa3 29.Nb1 Qb2
30.Nd2 Qxc2 31.Rxc2 Ned7 32.g4 c5 33.Kg2 c4 34.e4 c3 35.Nb3 Rc8 36.exd5 Nxd5
37.a3 N7b6 38.Ba6 Re8 39.Nd4 Re4 40.Nb5 Ra4 41.Bb7 Ra5 42.a4 Rxa4 43.Kg3 a5
44.f3 Rb4 45.Nxc3 Rc4 46.Nxd5 Rxc2 47.Nxb6 Kf8 48.Bd5 Rb2 49.Na4 Rb4 50.Bc6 Rc4
51.Bb5 Rb4 52.Bc6 Ke7 53.h4 Kd6 54.Be8 Rb8 55.Bg6 Rb4 56.Bc2 Rc4 57.Bd1 g5
58.hxg5 hxg5 59.Nb2  1/2-1/2

[Event "Las Vegas op"]
[Site "Las Vegas"]
[Date "1994.??.??"]
[Round "?"]
[White "Brooks, Michael A"]
[Black "Lputian, Smbat G"]
[Result "1-0"]
[WhiteElo "2440"]
[BlackElo "2590"]

1.e4 e6 2.d4 d5 3.Nc3 Bb4 4.e5 c5 5.a3 Bxc3+ 6.bxc3 Ne7 7.Nf3 b6 8.a4 Qc7
9.Bd3 Ba6 10.O-O Bxd3 11.cxd3 O-O 12.dxc5 bxc5 13.Re1 Nd7 14.c4 h6 15.Ba3 dxc4
16.dxc4 Rfd8 17.Qe2 Nc6 18.Qe4 Rac8 19.h4 Qa5 20.Rec1 Nb6 21.Bb2 Nxa4 22.Qc2 Rb8
23.Bc3 Nxc3 24.Rxa5 Nxa5 25.Qxc3 Rb4 26.Ra1 Nc6 27.Ra6 Nd4 28.Nxd4 Rxd4 29.Rxa7 Rb1+
30.Kh2 Rxh4+ 31.Kg3 g5 32.Ra8+ Kg7 33.Qd2 Rb7 34.Qd8 Kg6 35.Qf6+ Kh5 36.Qf3+  1-0

[Event "Las Vegas op"]
[Site "Las Vegas"]
[Date "1994.??.??"]
[Round "?"]
[White "Lputian, Smbat G"]
[Black "Yedidia, Jonathan"]
[Result "1-0"]
[WhiteElo "2590"]
[BlackElo "2360"]

1.d4 f5 2.Nc3 d5 3.Bg5 Nf6 4.e3 e6 5.g4 fxg4 6.Nge2 Nc6 7.h3 gxh3 8.Nf4 Qe7
9.Rxh3 Qf7 10.Be2 Bd7 11.e4 dxe4 12.d5 exd5 13.Bxf6 Bxh3 14.Ncxd5 Rg8 15.Bg5 Bc5
16.Nxh3 Nd4 17.Nhf4 h6 18.Bh5 g6 19.Nf6+ Kd8 20.Bh4 gxh5 21.Nxg8+ Kc8 22.Ne7+ Bxe7
23.Qxd4 Bxh4 24.Qh8+ Bd8 25.Rd1 Qf6 26.Qg8 Qe7 27.Qg6 Qg5 28.Qe6+ Kb8 29.Qd7 Qa5+
30.c3 a6 31.Qxd8+ Ka7 32.Qd4+ c5 33.Qe3 Rc8 34.a3 Qa4 35.Rd5 Qc2 36.Rd2 Qb1+
37.Ke2 h4 38.c4 Qc1 39.Qc3 Qg1 40.Qh3 Rf8 41.Qxh4 Qc1 42.b3 Qxa3 43.Qg3 Rf6
44.Nd5 Rf3 45.Qc7 Rd3 46.Qb6+ Kb8 47.Rxd3 exd3+ 48.Kxd3 Qb2 49.Qd6+ Ka8 50.Qf8+ Ka7
51.Qxc5+ Kb8 52.Qd6+ Ka7 53.Qb6+ Kb8 54.Nc3 Qc1 55.Qe3 Qb2 56.Qe5+ Kc8 57.Qe8+ Kc7
58.Nd5+  1-0

[Event "Las Vegas op"]
[Site "Las Vegas"]
[Date "1994.??.??"]
[Round "?"]
[White "Marcus, Joost"]
[Black "Lputian, Smbat G"]
[Result "1/2-1/2"]
[WhiteElo "2300"]
[BlackElo "2590"]

1.d4 Nf6 2.Bf4 c5 3.dxc5 Na6 4.c4 Nxc5 5.Nc3 g6 6.Nf3 Bg7 7.g3 Nfe4 8.Nxe4 Nxe4
9.Nd2 Nxd2 10.Qxd2 Qb6 11.Rb1 Qc6 12.Qd5 Qa4 13.a3 d6 14.Bg2 Bf5 15.e4 Be6
16.Qxb7 O-O 17.O-O Bf6 18.b3 Qxa3 19.e5 Rab8 20.Ra1 Qc5 21.Qxa7 Qxa7 22.Rxa7 dxe5
23.Bh6 Rfc8 24.Rb7 Rxb7 25.Bxb7 Rb8 26.Ra1 Bg7 27.Bxg7 Kxg7 28.Ra7 Rd8 29.Ra1 Rd3
30.Rb1 g5 31.c5 Bxb3 32.c6 Bd5 33.Rc1 Ra3 34.Bc8 Ra8 35.Bd7 Be6 36.Bxe6 fxe6
37.c7 Rc8 38.Rc6 Kf7 39.g4 e4 40.Kf1 Ke8 41.Rxe6 Rxc7 42.Rxe4  1/2-1/2